00976nam a22002657a 45000010005000000030006000050050017000110080041000280200018000690400029000870500013001160820016001291000018001452450093001632500035002562600038002913000049003294900032003785050008004105200191004185210020006095210020006296500030006497000031006795563FISKH20260323125009.0241217b cb ||||| |||| 00| 0 eng d a9780590480352 aFISKHbengcFISKHdFISKH aPS153.N5 a810.9896073 aJones, Lynda  aFive famous writers : bGreat black heroes /cby Lynda Jone ; illustrated by Ron Garnett aFirst printing , January 2001  aNew York : bScholastic ; c1994. a48 pages : bcolor illustrations ;c24 cm .  aScholastic Reader vLevel 4 aU  aThis inspiring chapter biography depicts the lives of talented African American writers James Langston Hughes, Richard Wright, Gwendolyn Brooks, Virginia Hamilton, and Walter Dean Myers.8 a820 bLexile 8 aU bRaz-Plus  aearly readervNon-fiction aGarnett, Roneillustrator